[Event "Pardubice Czech op-A 27th"]
[Site "Pardubice"]
[Date "2016.07.27"]
[Round "6"]
[White "Sindarov, Javokhir"]
[Black "Pardo Simon, David"]
[Result "1/2-1/2"]
[WhiteElo "2374"]
[BlackElo "2492"]
[PlyCount "103"]
[EventDate "2016.07.22"]
[EventType "swiss"]
[EventRounds "9"]
[EventCountry "CZE"]
[SourceTitle "CBM 173 Extra"]
[Source "ChessBase"]
[SourceDate "2016.08.29"]
[SourceVersion "1"]
[SourceVersionDate "2016.08.29"]
[SourceQuality "1"]

1. e4 c5 2. Nc3 Nc6 3. g3 g6 4. Bg2 Bg7 5. d3 d6 6. Be3 Nd4 7. h3 e6 8. Qd2 Ne7 9. Nd1 0-0 10. c3 Ndc6 11. Ne2 b6 12. 0-0 d5 13. exd5 Nxd5 14. Bh6 Bxh6 15. Qxh6 Ba6 16. c4 Nde7 17. Ne3 Rc8 18. Rad1 Nd4 19. Nc3 Nef5 20. Qf4 Qc7 21. Nxf5 Nxf5 22. Qg5 Nd4 23. Qf6 Qd8 24. Qe5 Rc7 25. Ne2 Nxe2+ 26. Qxe2 Rd7 27. Rfe1 Rd4 28. Qc2 Qd7 29. Re4 Rd6 30. Re3 Rd8 31. b3 Rd4 32. Qb2 Bc8 33. Kh2 Qd6 34. Qe2 h5 35. Kg1 h4 36. g4 a5 37. a4 Kg7 38. Kh1 Rd7 39. Be4 Kf8 40. Kg1 Ke7 41. Qf3 Kd8 42. Qf6+ Kc7 43. Qxh4 f5 44. Bg2 Rf7 45. Qg5 fxg4 46. hxg4 Rdf4 47. Rd2 Bb7 48. Bxb7 Kxb7 49. Re4 R7f6 50. Kg2 Rf3 51. Qe5 Qf8 52. Ree2 1/2-1/2

[Event "Manacor 7th"]
[Site "Manacor"]
[Date "2016.02.24"]
[Round "4"]
[White "Stupak, Kirill"]
[Black "Pardo Simon, David"]
[Result "1/2-1/2"]
[WhiteElo "2537"]
[BlackElo "2512"]
[PlyCount "57"]
[EventDate "2016.02.21"]
[EventType "tourn"]
[EventRounds "9"]
[EventCountry "ESP"]
[EventCategory "10"]
[SourceTitle "CBM 171 Extra"]
[Source "ChessBase"]
[SourceDate "2016.04.26"]
[SourceVersion "1"]
[SourceVersionDate "2016.04.26"]
[SourceQuality "1"]

1. d4 d6 2. e4 Nf6 3. Nc3 e5 4. Nge2 Be7 5. h3 0-0 6. Be3 exd4 7. Nxd4 Re8 8. g4 d5 9. Nxd5 Nxd5 10. exd5 Qxd5 11. Nf3 Be6 12. Bg2 Qa5+ 13. Qd2 Qa6 14. Ne5 Bf6 15. Nd3 Nc6 16. Nc5 Qb5 17. Nxe6 Rxe6 18. c4 Qe5 19. 0-0 Rd8 20. Qc2 h5 21. Rad1 Nd4 22. Bxd4 Rxd4 23. Rxd4 Qxd4 24. Rd1 Qf4 25. Qd2 Qxd2 26. Rxd2 Re1+ 27. Bf1 hxg4 28. hxg4 Re4 29. Be2 1/2-1/2

[Event "ESP-ch 80th"]
[Site "Linares"]
[Date "2015.08.31"]
[Round "9"]
[White "Arizmendi Martinez, Julen Luis"]
[Black "Pardo Simon, David"]
[Result "0-1"]
[WhiteElo "2529"]
[BlackElo "2468"]
[PlyCount "80"]
[EventDate "2015.08.23"]
[EventType "swiss"]
[EventRounds "9"]
[EventCountry "ESP"]
[SourceTitle "EXT 2016"]
[Source "ChessBase"]
[SourceDate "2015.10.08"]
[SourceVersion "1"]
[SourceVersionDate "2015.10.08"]
[SourceQuality "1"]

1. d4 f5 2. Nf3 Nf6 3. g3 g6 4. Bg2 Bg7 5. 0-0 0-0 6. b3 d6 7. Bb2 c6 8. c4 Na6 9. Nbd2 e5 10. dxe5 Ng4 11. Qc2 Nxe5 12. a3 Qe7 13. Nd4 Nc5 14. b4 Ne6 15. e3 Bd7 16. Rae1 Ng4 17. Nxe6 Bxe6 18. Bxg7 Qxg7 19. Nb3 Ne5 20. Na5 Qf7 21. Rc1 Rac8 22. f4 Ng4 23. Qd2 Rfd8 24. b5 d5 25. bxc6 dxc4 26. Qe2 b5 27. Rfd1 Rxd1+ 28. Rxd1 Qe7 29. Nb7 Qxa3 30. h3 Qxe3+ 31. Qxe3 Nxe3 32. Re1 Nxg2 33. Rxe6 c3 34. Na5 c2 35. Nb3 a5 36. Nc1 b4 37. Kxg2 a4 38. Re7 b3 39. Rb7 Rxc6 40. Kf2 Rc3 0-1

[Event "ESP-ch 80th"]
[Site "Linares"]
[Date "2015.08.26"]
[Round "4"]
[White "Korneev, Oleg"]
[Black "Pardo Simon, David"]
[Result "1-0"]
[WhiteElo "2569"]
[BlackElo "2468"]
[PlyCount "69"]
[EventDate "2015.08.23"]
[EventType "swiss"]
[EventRounds "9"]
[EventCountry "ESP"]
[SourceTitle "EXT 2016"]
[Source "ChessBase"]
[SourceDate "2015.10.08"]
[SourceVersion "1"]
[SourceVersionDate "2015.10.08"]
[SourceQuality "1"]

1. e4 d6 2. d4 g6 3. Nc3 Bg7 4. f4 a6 5. Nf3 b5 6. Bd3 Bb7 7. Be3 Nd7 8. e5 Nh6 9. 0-0 0-0 10. Kh1 c5 11. dxc5 Ng4 12. Bg1 dxe5 13. h3 Nh6 14. Nxe5 Nxe5 15. fxe5 b4 16. Be4 Bxe4 17. Nxe4 Bxe5 18. Qe1 Bxb2 19. Rd1 Qc7 20. Qxb4 Be5 21. Ng5 Bf6 22. Qh4 Qe5 23. Rxf6 exf6 24. Nf3 Nf5 25. Nxe5 Nxh4 26. Nd7 Rad8 27. c6 Rc8 28. Bc5 Rfe8 29. Nxf6+ Kg7 30. Nxe8+ Rxe8 31. c7 Rc8 32. Bd4+ f6 33. Bb6 Nf5 34. Rd7+ Kh6 35. g4 1-0

[Event "ESP-ch rapid"]
[Site "Linares"]
[Date "2015.08.22"]
[Round "6"]
[White "Pardo Simon, David"]
[Black "Vallejo Pons, Francisco"]
[Result "0-1"]
[WhiteElo "2468"]
[BlackElo "2686"]
[PlyCount "112"]
[EventDate "2015.08.22"]
[EventType "swiss (rapid)"]
[EventRounds "9"]
[EventCountry "ESP"]
[SourceTitle "EXT 2016"]
[Source "ChessBase"]
[SourceDate "2015.10.08"]
[SourceVersion "1"]
[SourceVersionDate "2015.10.08"]
[SourceQuality "1"]

1. d4 Nf6 2. c4 e6 3. Nc3 Bb4 4. e3 0-0 5. Bd3 b6 6. Nf3 Bb7 7. 0-0 d5 8. cxd5 exd5 9. Ne5 c5 10. a3 Bxc3 11. bxc3 Re8 12. a4 Ne4 13. f3 Nd6 14. Qc2 g6 15. a5 Nd7 16. Nxd7 Qxd7 17. Qb2 c4 18. Bc2 b5 19. Bb1 a6 20. Qf2 Re6 21. Re1 Rae8 22. Ba3 f5 23. Ra2 Bc6 24. Rae2 Nb7 25. Bb4 Qd8 26. Qg3 Kh8 27. Kf2 Nd6 28. h4 h5 29. Qf4 Nf7 30. Kg1 Kg7 31. Kf2 Nh6 32. Kg1 Ng8 33. Kh2 Bb7 34. Kg1 Ne7 35. Ba3 Qxa5 36. Bc1 Ng8 37. e4 dxe4 38. fxe4 Qd8 39. e5 Bd5 40. Qg3 Kh7 41. Rf1 Rf8 42. Bc2 a5 43. Bd2 Nh6 44. Ref2 Ng4 45. Rf4 Qe7 46. Bd1 Nh6 47. Bf3 Bxf3 48. gxf3 b4 49. cxb4 axb4 50. d5 Qc5+ 51. Kh1 Qxd5 52. Bxb4 Rb8 53. Bc3 Qd3 54. Rc1 Nf7 55. Qe1 Rb3 56. Rd4 Qxf3+ 0-1

[Event "Badalona op 41st"]
[Site "Badalona"]
[Date "2015.08.09"]
[Round "8"]
[White "Hernando Rodrigo, Julio Antonio"]
[Black "Pardo Simon, David"]
[Result "0-1"]
[WhiteElo "2389"]
[BlackElo "2468"]
[PlyCount "78"]
[EventDate "2015.08.02"]
[EventType "swiss"]
[EventRounds "9"]
[EventCountry "ESP"]
[SourceTitle "CBM 167 Extra"]
[Source "ChessBase"]
[SourceDate "2015.09.14"]
[SourceVersion "1"]
[SourceVersionDate "2015.09.14"]
[SourceQuality "1"]

1. d4 f5 2. Nf3 Nf6 3. g3 g6 4. Bg2 Bg7 5. c4 0-0 6. 0-0 d6 7. Nc3 c6 8. b3 Na6 9. Bb2 Qc7 10. d5 e5 11. dxe6 Bxe6 12. Ng5 Bd7 13. Rc1 h6 14. Nf3 Kh7 15. Ba3 Nc5 16. Ne5 Be6 17. Nd3 Rad8 18. Nxc5 dxc5 19. Qc2 b6 20. Bb2 h5 21. Rcd1 h4 22. e4 hxg3 23. hxg3 Rxd1 24. Rxd1 Ng4 25. Ne2 Bxb2 26. Qxb2 fxe4 27. Nf4 Bf5 28. Re1 Re8 29. f3 Ne5 30. fxe4 Bg4 31. Rf1 Qd6 32. Rf2 Qd1+ 33. Kh2 Kg7 34. Bh3 g5 35. Bxg4 Qxg4 36. Nd3 Qxe4 37. Re2 Rh8+ 38. Kg1 Rh1+ 39. Kf2 Qf3# 0-1